00525nam a2200169Ia 4500003000900000005001700009008004100026040003300067041000800100080001200108245006700120260002700187300001800214942000700232952009900239999001700338LK-CoDNM20240926114426.0010623t1892 xxu||||| |||| 00| 1 eng d aLK-CoDNMdLK-CoDNMeLK-CoDNM aeng a24 bE6 aCeylon Literary Register : (Volume vi Aug 1891 to July 1892 ) bA.M. J.Fergusonc1892 b248p. : 24 cm cBK 001041708OBCaMAINbMAINcREFd2024-09-26l0o24 E6pOJP1901-1r2024-09-26w2024-09-26yBK c83478d83478